000 00290nam a22001337a 4500
008 180308b xxu||||| |||| 00| 0 eng d
020 _a06712506980180
041 _aeng
080 _a316
100 _a50
101 _aSOC
245 _aA Heritage of Heworn
_cCott, N.F
942 _2udc
_cBK
999 _c44433
_d44433